000 00559nam a2200205Ia 4500
003 OSt
005 20250904103030.0
008 220917b |||||||| |||| 00| 0 eng d
037 _cTB
040 _aARTS
_cARTS
_beng
041 _2eng
_aeng
084 _aSN1:(X:8) P1
_qCRL
100 _aWeick Karl E.
_9143638
245 0 _aMaking sense of the organization
260 _aU.S.A
_bBlackwell pub.
_c2001
300 _aix, 483p
_ccm.
650 _aPSYCHOLOGY
942 _hSN1:(X:8) P1
_cTB
_2CC
_n0
999 _c276051
_d276051